00489nam a2200193 a 4500001001300000003000900013005001700022008004100039020001000080082001800090100001800108245001400126260004700140300000900187500003500196505003300231650001300264700001800277nice12345678IN_TiNIC20260116013027.0050524s0000 hyda grp 000 0 urd  ac10000a294.5922bDAS aDass, Banarsi aPyare Ram aHyderabadbSri Ram Autar Tajir Kutubc0000 a147p aincludes index and biblioraphy2 aBiblical Index, Bibliography aRamayana1 aDass, Banarsi